NBA Team Names In French - Statistics

General Stats
  • This quiz has been taken 164 times
  • The average score is 14 of 30
Answer Stats
French English % Correct
Celtes Boston Celtics
98%
Cavaliers Cleveland Cavaliers
95%
Pélicans New Orleans Pelicans
82%
Grizzlis Memphis Grizzlies
81%
Jazz Utah Jazz
81%
Pistons Detroit Pistons
78%
Magie Orlando Magic
68%
Soixante seize' Philadelphia 76ers
61%
Rapaces Toronto Raptors
60%
Chaud Miami Heat
56%
Faucons Atlanta Hawks
55%
Soleils Phoenix Suns
55%
Sorciers Washington Wizards
48%
Guerriers Golden State Warriors
46%
Rois Sacramento Kings
44%
Habitants des lacs Los Angeles Lakers
43%
Taureaux Chicago Bulls
39%
Loups des bois Minnesota Timberwolves
37%
Pépites Denver Nuggets
30%
Pionnier Portland Trail Blazers
30%
Daims Milwaukee Bucks
29%
Tonnerre Oklahoma City Thunder
28%
Fusées Houston Rockets
27%
Culottes New York Knicks
25%
Éperons San Antonio Spurs
25%
Filets Brooklyn Nets
24%
Frelons Charlotte Hornets
24%
Voiliers Los Angeles Clippers
23%
Dissident Dallas Mavericks
22%
Meneurs Indiana Pacers
17%
No matching quizzes found
Score Distribution
Percent of People with Each Score
Percentile by Number Answered
Your Score History
You have not taken this quiz